Diputació de Barcelona : Departament Tècnic de Seguretat : Servei de Seguretat i Vigilància Departament Tècnic de Seguretat :
Descripción Física:
[20] f. ; 30 cm
MARC
| LEADER | 00000nam a2200000Ia 4500 | ||
|---|---|---|---|
| 001 | 22614 | ||
| 003 | BGR | ||
| 005 | 20260324180036.0 | ||
| 008 | 160829s9999 xx 000 0 cat d | ||
| 080 | |a FU-57-23 | ||
| 245 | |a Diputació de Barcelona : |b Departament Tècnic de Seguretat : |b Servei de Seguretat i Vigilància | ||
| 260 | |a Barcelona : |b la Diputació, [1997] | ||
| 300 | |a [20] f. ; |c 30 cm | ||
| 590 | |a Inclou: Normes per a l'evacuació dels centres escolars; Plans d'emergència en llocs de pública concurrència | ||
| 650 | |a Barcelona. Diputació. Servei de Seguretat i Vigilància |9 44589 | ||
| 650 | |a Escoles |9 47368 | ||
| 650 | 0 | |a Seguretat ciutadana |9 15723 | |
| 710 | 1 | |a Barcelona (Catalunya : Província). |b Diputació |b Servei de Seguretat i Vigilància |9 52408 | |
| 901 | |a Arxiu | ||
| 942 | |n 1 |2 udc |c MON | ||
| 952 | |0 0 |1 0 |4 0 |6 FU5723 |7 1 |9 52021 |a Arxiu |b Arxiu |d 2016-12-01 |l 0 |o FU-57-23 |p 22614 |r 2016-12-01 00:00:00 |w 2016-12-01 |y ARXIU | ||
| 999 | |c 55869 |d 55869 | ||